[Event "BRA Region North-ch"]
[Site "Manaus"]
[Date "2010.10.??"]
[Round "2"]
[White "De Oliveira, Larissa Pessoa"]
[Black "Silveira, Lorensen Willer Soa"]
[Result "0-1"]
[WhiteElo "1760"]
[BlackElo "1845"]
[PlyCount "32"]
[EventDate "2010.10.09"]
[EventType "swiss"]
[EventRounds "7"]
[EventCountry "BRA"]
[SourceTitle "EXT 2022"]
[Source "ChessBase"]
[SourceDate "2021.10.06"]
[SourceVersion "1"]
[SourceVersionDate "2021.10.06"]
[SourceQuality "1"]

1. e4 e5 2. Nf3 Nc6 3. d4 d6 4. d5 Nb4 5. Be2 f5 6. Nfd2 fxe4 7. Nxe4 Bf5 8. f3 Nf6 9. c3 Nbxd5 10. Ng3 Qd7 11. Bd3 Bxd3 12. Qxd3 Nf4 13. Qd2 0-0-0 14. Qf2 Nd3+ 15. Kd1 Nxf2+ 16. Ke1 Nxh1 0-1